00490nam a2200145Ia 4500003000900000008003700009040003300046041000800079080001700087245012000104260006600224300001400290650002600304650001400330LK-CoDNM010623t xxu||||| |||| 00| 1 eng d aLK-CoDNMdLK-CoDNMeLK-CoDNM aeng a364.444bOUR aOur helth our right : The roles experiences of PLHIV net works in securing access to generic ARV medicines in asia bAsia pasific network of people living with HIV/AIDSaThailand b98, 28 cm aIntellectual Property aMedicines